| 000 | nam a22 a 4500 | ||
|---|---|---|---|
| 999 |
_c3062 _d3062 |
||
| 003 | AKMAL | ||
| 005 | 20170519104502.0 | ||
| 008 | 170519s1984 ny 00 eng d | ||
| 020 | _a0070213218 | ||
| 040 | _aAKMAL | ||
| 082 | 0 | 4 | _a658.3 FLI |
| 090 |
_a658.3 _bFLI |
||
| 100 | 1 |
_aFlippo, Edwin B. _96373 |
|
| 245 | 1 |
_aPersonnel management / _cEdwin B. Flippo |
|
| 260 |
_aNew York : _bMcGraw-Hill, _c1984 |
||
| 300 |
_axiv, 607p. : _bill. ; _c24cm. |
||
| 504 | _aIncludes bibliographies | ||
| 650 |
_aPersonnel management _9602 |
||
| 942 |
_2ddc _cBOOK |
||